Изгубените градове на Атлантида, Древна Европа и Средиземноморието (Запис номер 67227)
[ съкратено ]
| 000 -Лидер | |
|---|---|
| Контролно поле с фиксирана дължина | 02919nam a2200529 c 4500 |
| 003 - Код на организацията, давaща контролен номер | |
| Контролно поле | BLK |
| 005 - Дата и час на последна редакция | |
| Контролно поле | 20241029101426.0 |
| 008 - Елементи от данни с фиксирана дължина | |
| fixed length control field | 180408b bul|||||r ||||||| ||bul|| |
| 010 ## - Наследен системен номер | |
| LC control number | KNG00071537000 |
| 020 ## - Международен стандартен номер на книга ISBN | |
| Международен стандартен номер на книга ISBN | 978-954-585-752-2 |
| -- | издат.: Бард |
| 040 ## - Източник на каталожния запис | |
| Идентификатор на билиотеката - собственик на записа | BLK |
| 041 ## - Код за език | |
| Код за езика на текст/звукозапис или на отделно заглавие | Български |
| Код за езика КДБФ | Български |
| 080 ## - УДК | |
| Текстов определител УДК | Паметници на културата на историческите периоди. Археологическите паметници. Старини |
| УДК код - определител по УДК | 904 |
| УДК определител | (36+262-0)(0:82-992) |
| УДК - код + определител | 904(36+262-0)(0:82-992) |
| 080 ## - УДК | |
| Текстов определител УДК | Разпространяване на научните знания - популяризиране на науката, занимателна наука, учение за явленията научно необяснени, заблуждения и фалшификации, илюзии и др. п., секретност на научните знания |
| УДК код - определител по УДК | 001.9 |
| УДК определител | (36+262-0)(0:82-992) |
| УДК - код + определител | 001.9(36+262-0)(0:82-992) |
| 080 ## - УДК | |
| Текстов определител УДК | Американска литература (на САЩ) |
| УДК код - определител по УДК | 821.111(73) |
| УДК определител | -992 |
| УДК - код + определител | 821.111(73)-992 |
| 100 1# - Редна дума - Автор | |
| Автор | Чайлдрес, Дейвид Хатчър |
| Авторска отговорност | първи автор |
| R(LIN) | 270134 |
| 139 ## - Редно поле | |
| Редна дума | Чайлдрес, Дейвид Хатчър |
| Авторски знак | Чаиков - Ч 16 |
| 245 10 - Сведения за заглавието | |
| Заглавие | Изгубените градове на Атлантида, Древна Европа и Средиземноморието |
| Редно поле (дума) | Дейвид Хатчър Чайлдрес; прев. Венцислав Божидаров Божилов. |
| 257 ## - Страна на издаване | |
| Страна на създаване/издаване | Съединени американски щати |
| 260 ## - Област на издателските данни | |
| -- | София |
| Име на издателя, разпространителя и проч. | Бард |
| Година на издаване | 2007 |
| 300 ## - Физическа характеристика | |
| Страници | 576 с. |
| Илюстрации и др. | с ил., к. |
| Размери/Мащаб | 21 см |
| 380 ## - Жанр | |
| Жанр | История |
| 490 1# - СЕРИИ (Колекции) | |
| Име на серия | Пътеводител на учения авантюрист |
| 490 1# - СЕРИИ (Колекции) | |
| -- | Подсерия |
| Име на серия | Серия Изгубени градове |
| 500 ## - Общи забележки | |
| Забележка | Ориг. загл. Lost Cities of Atlantis, Ancient Europe the Mediterranean / David Hatcher Childress. - Библиогр. с. 560-573. |
| 504 ## - Забележка за наличие на библиография и др | |
| Забележка за наличие на библиография и под. | 560-573 |
| 650 #4 - Допълнително описание по предмет – тема | |
| Основно описание – тема или топоним | Градове, изчезнали и стари |
| 9 (RLIN) | 277938 |
| 650 #4 - Допълнително описание по предмет – тема | |
| Основно описание – тема или топоним | Атлантида |
| 9 (RLIN) | 147823 |
| 650 #4 - Допълнително описание по предмет – тема | |
| Основно описание – тема или топоним | Европа - старини |
| 9 (RLIN) | 285428 |
| 650 #4 - Допълнително описание по предмет – тема | |
| Основно описание – тема или топоним | Средиземноморие - старини |
| 9 (RLIN) | 293329 |
| 651 #4 - Допълнително описание по предмет - топоним | |
| Географско понятие | Европа |
| 9 (RLIN) | 244407 |
| 651 #4 - Допълнително описание по предмет - топоним | |
| Географско понятие | Атлантида |
| 9 (RLIN) | 147823 |
| 651 #4 - Допълнително описание по предмет - топоним | |
| Географско понятие | Средиземно море |
| 9 (RLIN) | 179582 |
| 653 ## - Ключова дума – ненормативна | |
| Ключова дума | древен свят |
| 653 ## - Ключова дума – ненормативна | |
| Ключова дума | древни цивилизации |
| 653 ## - Ключова дума – ненормативна | |
| Ключова дума | извънземни цивилизации |
| 653 ## - Ключова дума – ненормативна | |
| Ключова дума | Атлантида |
| 653 ## - Ключова дума – ненормативна | |
| Ключова дума | Европа |
| 653 ## - Ключова дума – ненормативна | |
| Ключова дума | Средиземноморие |
| 700 ## - Други автори (авторска отговорност) | |
| Лично име | Божилов, Венцислав Божидаров |
| Звания и думи, свързани с автора | Теодосиев, Стефан, 1968- (псевдоним) |
| Дати, свързани с автора | 1968- |
| 9 (RLIN) | 367877 |
| 852 ## - Местоположение | |
| Форматна сигнатура | Цб 231416 |
| 856 4# - Електронен адрес и достъп | |
| Електронен формат | pdf - файл |
| Път до файла /url/ | |
| 856 4# - Електронен адрес и достъп | |
| Електронен формат | pdf - файл |
| Път до файла /url/ | |
| 942 ## - АРТИКУЛИ | |
| Вид на библиотечния материал | Книги |
| Скрит в OPAC | Не |
| Koha issues (borrowed), all copies | 9 |
| 944 ## - СЪЗДАВАНЕ И РЕДАКЦИЯ на ЗАПИСА | |
| Създаване/Редакция | Създаване |
| Дата на регистрацията/редакция | 12.02.2007 |
| Служител, извършил регистрацията/редакцията | 30531 |
| Статус, дата на статуса | Цветелина Шанова |
| 944 ## - СЪЗДАВАНЕ И РЕДАКЦИЯ на ЗАПИСА | |
| Създаване/Редакция | Редакция |
| Дата на регистрацията/редакция | 30.10.2008 |
| Служител, извършил регистрацията/редакцията | |
| 999 ## - СИСТЕМНИ КОНТРОЛНИ НОМЕРА | |
| Koha biblionumber | 67227 |
| Koha biblioitemnumber | 67227 |
| Код за отписване | Код за изгубен артикул | Източник на класификационната схема | Код за повреда | Коз за рестрикции | Код за отдаване | Артикулен № | Име на библиотеката - собственик | Име на библиотеката, в която се намира в момента | Статус (Текущо местоположение) | Дата на вписване в системата | Местоположение - отдел | Цена в лева | Инвентарен номер | Систематично азбучна сигнатура | Баркод | Номер на екземпляра | Цена в евро | Служебна бележка | Служебен тип на артикула |
|---|---|---|---|---|---|---|---|---|---|---|---|---|---|---|---|---|---|---|---|
| Не е изгубен | Universal Decimal Classification | Не е повреден | без рестрикции | заемане за дома | 111135 | Регионална библиотека "Любен Каравелов" Русе | Регионална библиотека "Любен Каравелов" Русе | Дубликат | 2007-02-12 | Заемна - подръчен фонд | 11.99 | 120000709597 | П 904/Ч 16 | 120000709597 | 1 | 6.13 | Дост: Pk Вид: Ф N: 5 Дата: 12.02.2007 Дата инв: 07.02.2018 Бележки инв: П2018 | Книги | |
| Не е изгубен | Не е повреден | без рестрикции | ползва се в читалня | 111136 | Регионална библиотека "Любен Каравелов" Русе | Регионална библиотека "Любен Каравелов" Русе | Хранилище | 2007-11-28 | Хранилище | 11.99 | 120000720481 | Цб 231416 | 120000720481 | 2 | 6.13 | Дост: Dp Вид: Д N: 36 Дата: 16.08.2007 | Книги | ||
| Не е изгубен | Universal Decimal Classification | Не е повреден | без рестрикции | заемане за дома | 111137 | Регионална библиотека "Любен Каравелов" Русе | Регионална библиотека "Любен Каравелов" Русе | Дубликат | 2008-10-03 | Заемна - подръчен фонд | 11.99 | 120000730147 | П 904/Ч 16 | 120000730147 | 3 | 6.13 | Дост: Pk Вид: Ф N: 8544 Дата: 03.10.2008 Дата инв: 07.02.2018 Бележки инв: П2018 | Книги | |
| Не е изгубен | Не е повреден | без рестрикции | заемане за дома | 111138 | Регионална библиотека "Любен Каравелов" Русе | Регионална библиотека "Любен Каравелов" Русе | Заемна - подръчен фонд | 2008-10-16 | Заемна - подръчен фонд | 11.99 | 120000730537 | П 904/Ч 16 | 120000730537 | 4 | 6.13 | Дост: Pk Вид: Ф N: 8704 Дата: 14.10.2008 Дата инв: 07.02.2018 Бележки инв: П2018 | Книги |